Famous Austrians - Statistics

General Stats
  • This quiz has been taken 1,017 times
    449 since last reset
  • The average score is 11 of 18
Answer Stats
Clue Austrian % Correct
Nazi Führer Adolf Hitler
98%
Father of psychoanalysis Sigmund Freud
91%
Antonio Salieri's rival Wolfgang Amadeus Mozart
88%
His assassination sparked WWI Franz Ferdinand
82%
"I'll be back" Arnold Schwarzenegger
77%
Wife of French King Louis XVI Marie-Antoinette
73%
Rock Me Amadeus Falco
70%
Emperor of Austria, 1848-1916 Franz Joseph I
69%
The Blue Danube Johann Strauss II
66%
Spouse of ^ who was portrayed by Romy Schneider Elisabeth of Bavaria
59%
Made a paradoxical experiment where a cat was involved Erwin Schrödinger
56%
Broke the sound barrier while jumping from 24 miles high Felix Baumgartner
51%
Best-known austrian symbolist painter Gustav Klimt
48%
Father of the Symphony Joseph Haydn
45%
Botanist often considered the founder of genetics Gregor Mendel
39%
Composer who wrote an Unfinished Symphony Franz Schubert
26%
Director of Metropolis Fritz Lang
18%
Oscar-winning actor in 1961 Maximilian Schell
9%
No matching quizzes found
Score Distribution
Percent of People with Each Score
Percentile by Number Answered
Your Score History
You have not taken this quiz since the last reset